000 00505nam a2200169 a 4500
005 20220608130319.0
008 991125s1956 mx 000 0 spa u
035 _aUPN01000027800
049 _aLT
050 4 _aLB1641 M6
_bZ4.5 1956
100 1 _aZepeda Sahagún, Bernardo
_929606
245 1 0 _aHistoria de América /
_cBernardo Zepeda Sahagún.
260 _aMéxico :
_bEnseñanza,
_c1956.
300 _a276 p.
651 4 _aAmérica
_xHistoria
_xEstudio y enseñanza (Elemental)
_92661
905 _aLibro
999 _c27800
_d27800